000 00506nam a2200193 i 4500
001 bgj
100 1 _aDRABBLE, Margaret
_d(1939- ).
245 1 0 _aThe Millstone :
_ba novel /
_cby Margaret Drabble.
260 _aLondon :
_bWeidenfeld and Nicolson,
_c1969.
300 _a199 pp ;
_c21 cm.
650 9 _aMan-woman relationships
650 9 _aUnmarried mothers
651 9 _aEngland
655 _aFiction
040 _cBPK
041 0 _aeng
942 _cKS
008 s uk f |000 0 eng
999 _c48915
_d48915
856 _uhttp://koha.tu.koszalin.pl/cgi-bin/koha/opac-detail.pl?biblionumber=48915
_yKatalog online BPK